00683 2200181 4500001002100000005001500021035002000036245016100056100002300217300005000240856002400290700009000314260004000404082000800444084001400452020002200466650001300488INLIS00000000114826620260410114943 a0010-04260001111 aProfil Raja & Pejuang Sulawesi Selatan /cPenulis; Hannabi Rizal, dkk, Tim Penerbit; A. Wanua Tangke & Anwar Nasyaruddin,Desain Cover; Anas, Layout; Nurbeta0 aHannabi Rizal, dkk a82 halaman :bIlustrasi ;c15 x 21 cmeKertas aPerpustakaan Khusus0 aTim Penerbit; A. Wanua Tangke & Anwar Nasyaruddin,Desain Cover; Anas, Layout; Nurbeta aMakassar :bPustaka Refleksi,c2007 a900 a900 HAN p a978-602-263-076-0 4aBiogradi